| 000 | 00619 a2200193 4500 | ||
|---|---|---|---|
| 010 | _aENG-85534 | ||
| 020 | _c100.00 | ||
| 035 | _aEN-69067 | ||
| 037 | _bD.B.Act / Pub | ||
| 082 | 1 | 4 | _a340.53 |
| 090 |
_c2897 _d2897 |
||
| 100 | 1 | _aJoshi, M. N. | |
| 245 | 1 |
_aSources and systems of law and administration in ancient India _cby M. N. Joshi |
|
| 260 |
_aJamakhandi _bBhalachandra Prakashana _c2006 |
||
| 270 |
_aVartak Galli _bJamakhandi _e587301 |
||
| 300 |
_aviii, 126 p. _c22 cm (Hb.) |
||
| 942 |
_adpl _cEN _k340.53 / JOS |
||
| 999 |
_c2842 _d2842 |
||